Statistics for The United States in 30 Languages

Click here to take the quiz!

General Stats

  • This quiz has been taken 20 times
  • The average score is 15 of 30

Answer Stats

United StatesLanguage% Correct
الولايات المتحدةArabic
94%
États-UnisFrench
88%
미국Korean
88%
Соединённые Штаты АмерикиRussian
88%
Estados UnidosSpanish / Tagalog / Galician
82%
संयुक्त राज्य अमेरिकाHindi
76%
Verenigde State van AmerikaAfrikaans
71%
Ηνωμένες Πολιτείες ΑμερικήςGreek
71%
ארצות הבריתHebrew
71%
Verenigde StatenDutch
65%
Stati Uniti d’AmericaItalian
65%
ประเทศสหรัฐอเมริกาThai
65%
Chủng Quốc Hoa KỳVietnamese
65%
Amerika Birleşik DevletleriTurkish
59%
Stany ZjednoczonePolish
53%
Spojené státy americkéCzech
47%
Vereinigte StaatenGerman
47%
Shtetet e Bashkuara të AmerikësAlbanian
41%
Stáit Aontaithe MheiriceáIrish
41%
Estats Units d’AmèricaCatalan
35%
ایالات متحده آمریکاFarsi
35%
Amerika SerikatIndonesian
35%
Statele Unite ale AmericiiRomanian
35%
YhdysvallatFinnish
29%
Ameerika ÜhendriigidEstonian
24%
Unol Daleithiau AmericaWelsh
24%
Amerikai Egyesült ÁllamokHungarian
18%
BandaríkinIcelandic
12%
アメリカ合衆国Japonese
6%
MarekaniSwahili
0%

Score Distribution

Percentile by Number Answered

Percent of People with Each Score

Your Score History

You have not taken this quiz